Entre lo propio y lo ajeno : (Record no. 123543)

MARC details
000 -CABECERA
campo de control de longitud fija 00863nam a2200241 a 4500
005 - FECHA Y HORA DE LA ÚLTIMA TRANSACCIÓN
campo de control 20210223130239.0
008 - ELEMENTOS DE LONGITUD FIJA--INFORMACIÓN GENERAL
campo de control de longitud fija 070824s2000 mx r 000 0 spa d
020 ## - NÚMERO INTERNACIONAL NORMALIZADO PARA LIBROS
Número Internacional Estándar del Libro 9701857739
035 ## - NÚMERO DE CONTROL DEL SISTEMA
Número de control de sistema UPN01000151406
049 ## - COLECCIÓN
Colección CG
050 #4 - SIGNATURA TOPOGRÁFICA DE LA BIBLIOTECA DEL CONGRESO
Número de clasificación F1221 M7
Número de documento/Ítem A8.3
100 1# - ASIENTO PRINCIPAL--NOMBRE PERSONAL
Nombre de persona Atilano Flores, Juan José
245 10 - MENCIÓN DE TÍTULO
Título Entre lo propio y lo ajeno :
Resto del título la identidad étnico-local de los jornaleros mixtecos /
Mención de responsabilidad, etc. Juan José Atilano Flores.
260 ## - PUBLICACIÓN, DISTRIBUCIÓN, ETC.
Lugar de publicación, distribución, etc. México :
Nombre del editor, distribuidor, etc. INI :
-- PNUD,
Fecha de publicación, distribución, etc. 2000.
300 ## - DESCRIPCIÓN FÍSICA
Extensión 100 p. :
Otras características físicas il., cuadros, gráfs.
440 #0 - MENCIÓN DE SERIE/ASIENTO SECUNDARIO--TÍTULO
Título Migración indígena
500 ## - NOTA GENERAL
Nota general "Estado del desarrollo económico y social de los pueblos indigenas de México"
650 #4 - ASIENTO SECUNDARIO DE MATERIA - TERMINO TEMATICO
Término de materia o nombre geográfico como elemento de entrada MIXTECOS -
Subdivisión general MIGRACIONES
9 (RLIN) 8617
650 #4 - ASIENTO SECUNDARIO DE MATERIA - TERMINO TEMATICO
Término de materia o nombre geográfico como elemento de entrada MIXTECOS -
Subdivisión general AGRICULTURA
9 (RLIN) 5211
650 #4 - ASIENTO SECUNDARIO DE MATERIA - TERMINO TEMATICO
Término de materia o nombre geográfico como elemento de entrada MIGRACION INTERNA -
Subdivisión geográfica OAXACA
9 (RLIN) 8615
650 #4 - ASIENTO SECUNDARIO DE MATERIA - TERMINO TEMATICO
Término de materia o nombre geográfico como elemento de entrada MIGRACION INTERNA -
Subdivisión geográfica SINALOA
9 (RLIN) 8616
905 ## - TIPO DE MATERIAL
Tipo de material Libro
Holdings
Estado de retiro Estado de pérdida Fuente del sistema de clasificación o colocación Estado dañado No para préstamo Código de colección Localización permanente Ubicación/localización actual Ubicación en estantería Fecha de adquisición Total de préstamos Clasificación Código de barras Fecha visto por última vez Fecha del último préstamo Número de copia Tipo de ítem Koha
    Library of Congress Classification     Colección General Bib. Gregorio Torres Quintero Bib. Gregorio Torres Quintero Planta baja 22/02/2024 9 F1221 M7 A8.3 248373 19/03/2024 22/02/2024 1 Libro